Le pouvoir et l'argent
Guardado en:
| Autor principal: | |
|---|---|
| Formato: | Libro |
| Lenguaje: | Undetermined |
| Publicado: |
Paris
Editions Sociales
1972
|
| Materias: | |
| Etiquetas: |
Agregar Etiqueta
Sin Etiquetas, Sea el primero en etiquetar este registro!
|
| Thư viện lưu trữ: | Trung tâm Học liệu Trường Đại học Cần Thơ |
|---|
| LEADER | 00457nam a2200181Ia 4500 | ||
|---|---|---|---|
| 001 | CTU_87003 | ||
| 008 | 210402s9999 xx 000 0 und d | ||
| 082 | |a 332.1 | ||
| 082 | |b C615 | ||
| 100 | |a Claude, Henri | ||
| 245 | 0 | |a Le pouvoir et l'argent | |
| 245 | 0 | |c Henri Claude | |
| 260 | |a Paris | ||
| 260 | |b Editions Sociales | ||
| 260 | |c 1972 | ||
| 650 | |a Banks and banking | ||
| 904 | |i Truc | ||
| 980 | |a Trung tâm Học liệu Trường Đại học Cần Thơ | ||